<?xml version="1.0" encoding="UTF-8"?>
<record
    xmlns:xsi="http://www.w3.org/2001/XMLSchema-instance"
    xsi:schemaLocation="http://www.loc.gov/MARC21/slim http://www.loc.gov/standards/marcxml/schema/MARC21slim.xsd"
    xmlns="http://www.loc.gov/MARC21/slim">

  <leader>01484nam a2200265   4500</leader>
  <controlfield tag="001">114336</controlfield>
  <controlfield tag="003">DR-UNIBE</controlfield>
  <controlfield tag="005">20260127152012.0</controlfield>
  <controlfield tag="008">260127b2009    dr ||||| |||| 00| 0 spa d</controlfield>
  <datafield tag="040" ind1=" " ind2=" ">
    <subfield code="a">BIBLIOTECA UNIBE</subfield>
    <subfield code="c">BIBLIOTECA UNIBE</subfield>
    <subfield code="b">spa</subfield>
    <subfield code="e">rda</subfield>
  </datafield>
  <datafield tag="041" ind1=" " ind2=" ">
    <subfield code="a">spa</subfield>
  </datafield>
  <datafield tag="082" ind1=" " ind2=" ">
    <subfield code="a">RD 923.1 A719t</subfield>
  </datafield>
  <datafield tag="100" ind1=" " ind2=" ">
    <subfield code="a">Ariza Cabral, Jos&#xE9; Daniel, </subfield>
    <subfield code="d">1927-2022</subfield>
    <subfield code="9">160447</subfield>
    <subfield code="e">autor</subfield>
  </datafield>
  <datafield tag="245" ind1=" " ind2=" ">
    <subfield code="a">Testimonios autobiograficos / </subfield>
    <subfield code="c">Jos&#xE9; Daniel Ariza Cabral</subfield>
  </datafield>
  <datafield tag="260" ind1=" " ind2=" ">
    <subfield code="a">Santo Domingo : </subfield>
    <subfield code="b">Computhen Todo Impreso,</subfield>
    <subfield code="c"> 2009</subfield>
  </datafield>
  <datafield tag="300" ind1=" " ind2=" ">
    <subfield code="a">volumen :</subfield>
    <subfield code="c">22 x 15 cm</subfield>
  </datafield>
  <datafield tag="500" ind1=" " ind2=" ">
    <subfield code="a">Informaci&#xF3;n del autor en la primera solapa y en la &#xFA;ltima comentario e la obra</subfield>
  </datafield>
  <datafield tag="505" ind1=" " ind2=" ">
    <subfield code="a">Remembranzas  |
El movimiento c&#xED;vico  |
La educaci&#xF3;n inicial  |
Reafirmaci&#xF3;n familiar  |
Junumucu 53  |
Haina y Villa Altagracia  |
Constanza  |
Momentos previos a la invasi&#xF3;n por Constanza  |
Operaciones armadas en Constanza  |
C&#xE1;rcel de el 9 y La Victoria 160  |
Contra los remanentes del Trujillato  |
Al exilio por segunda vez  d
El regreso a la patria  |
El catorce de Junio y su sue&#xF1;o 220 |
Rumbo al tercer exilio</subfield>
  </datafield>
  <datafield tag="600" ind1=" " ind2="0">
    <subfield code="a">Ariza Cabral, Jos&#xE9; Daniel, </subfield>
    <subfield code="d">1927-2022</subfield>
    <subfield code="9">160447</subfield>
    <subfield code="x">Relatos</subfield>
  </datafield>
  <datafield tag="651" ind1=" " ind2=" ">
    <subfield code="2">lemb</subfield>
    <subfield code="a"> Rep&#xFA;blica Dominicana </subfield>
    <subfield code="x">Historia</subfield>
    <subfield code="y">Era de Trujillo, 1930-1961</subfield>
    <subfield code="9">26200</subfield>
  </datafield>
  <datafield tag="700" ind1=" " ind2=" ">
    <subfield code="a">Germ&#xE1;n Ariza, Jos&#xE9; Luis</subfield>
    <subfield code="9">201866</subfield>
    <subfield code="e">dise&#xF1;ador de portada</subfield>
  </datafield>
  <datafield tag="700" ind1=" " ind2=" ">
    <subfield code="a">G&#xF3;mez, Luis</subfield>
    <subfield code="9">42841</subfield>
    <subfield code="e">corrector de estilo</subfield>
  </datafield>
  <datafield tag="700" ind1=" " ind2=" ">
    <subfield code="a">Tejada Fern&#xE1;ndez, Miguel</subfield>
    <subfield code="9">201867</subfield>
    <subfield code="e">dise&#xF1;ador</subfield>
    <subfield code="e">arte final</subfield>
  </datafield>
  <datafield tag="942" ind1=" " ind2=" ">
    <subfield code="2">ddc</subfield>
    <subfield code="c">BK</subfield>
  </datafield>
  <datafield tag="999" ind1=" " ind2=" ">
    <subfield code="c">114336</subfield>
    <subfield code="d">114336</subfield>
  </datafield>
  <datafield tag="952" ind1=" " ind2=" ">
    <subfield code="0">0</subfield>
    <subfield code="1">0</subfield>
    <subfield code="2">ddc</subfield>
    <subfield code="7">0</subfield>
    <subfield code="8">GEN-RD</subfield>
    <subfield code="a">Principal</subfield>
    <subfield code="d">2025-11-12</subfield>
    <subfield code="l">0</subfield>
    <subfield code="o">RD 923.1 A719t</subfield>
    <subfield code="p">260062</subfield>
    <subfield code="r">2026-01-27 15:14:07</subfield>
    <subfield code="t">Ej. 1</subfield>
    <subfield code="w">2026-01-27</subfield>
    <subfield code="y">BK</subfield>
  </datafield>
</record>
